Nietzsche y la medicina. (Registro nro. 2609)

Detalles MARC
000 -LEADER
fixed length control field 00901nam a2200277 a 4500
005 - FECHA ULTIMA MODIFICACION
control field 20240515102849.0
008 - CAMPO DE CONTROL (LIBRO)
fixed length control field 100930e2016||||ag f |||| 001 0 spa d
020 ## - INTERNATIONAL STANDARD BOOK NUMBER
ISBN 9789871639489
041 ## - CODIGO DE IDIOMA
Código de idioma del texto/pista de sonido o título separado spa
092 ## - SIGNATURA TOPOGRAFICA DEWEY LOCAL
número de clasificación 610.1
libristica 76
sección RUB
100 1# - ENTRADA PRINCIPAL--NOMBRE PERSONAL
Nombre personal Rubinstein, Esteban
9 (RLIN) 302
245 ## - TITULO PROPIAMENTE DICHO
Título Nietzsche y la medicina.
Subtítulo y Título paralelo Un libro para médicos y no médicos /
Mención de responsabilidad y remanente de la transcripción de la portada Esteban Rubinstein
250 ## - MENCION DE EDICION
Mención de edición 1a ed. 1ra reimp.
260 ## - PIE DE IMPRENTA
Lugar de publicación, distribución, etc Buenos Aires:
Nombre de la editorial, distribuidor, etc delhospital ediciones;
Fecha de publicación 2016.
300 ## - DESCRIPCION FISICA
Extension 224 p.
Dimensiones 22x15 cm.
500 ## - NOTA GENERAL
Nota general Rubinstein, E. (2016). Nietzsche y la medicina. Un libro para médicos y no médicos. (1a ed.). Buenos Aires : delhospital ediciones.
653 ## - TÉRMINO INDIZADO - PALABRAS CLAVES
Palabra clave Instante
653 ## - TÉRMINO INDIZADO - PALABRAS CLAVES
Palabra clave Historia
653 ## - TÉRMINO INDIZADO - PALABRAS CLAVES
Palabra clave Compasión
653 ## - TÉRMINO INDIZADO - PALABRAS CLAVES
Palabra clave Moral
653 ## - TÉRMINO INDIZADO - PALABRAS CLAVES
Palabra clave Verdad, ciencia y arte
653 ## - TÉRMINO INDIZADO - PALABRAS CLAVES
Palabra clave Causa y efecto
653 ## - TÉRMINO INDIZADO - PALABRAS CLAVES
Palabra clave Voluntad de poder
653 ## - TÉRMINO INDIZADO - PALABRAS CLAVES
Palabra clave Salud y enfermedad
942 ## - ADDED ENTRY ELEMENTS (KOHA)
Source of classification or shelving scheme Dewey Decimal Classification
Item type Libros
Existencias
Estado de retiro Existencia Fuente de clasificación Estado general No para prestamo Colección Ubicación permanente ubicación actual Sala de ubicación Fecha de adquisición Fuente de adquisición Total Checkouts Número de clasificación Código de barras Date last seen Número de ejemplar Price effective from Koha tipo de elemento (item) Public note
    Dewey Decimal Classification     Reference Biblioteca Medicina Biblioteca Medicina Referencia 18/12/2017 Donación delHospital ediciones, Hospital Italiano. Diciembre 2017   610.1 76 RUB 4101 18/12/2017 Ej. 1 18/12/2017 Reference Donación delHospital ediciones, Hospital Italiano. Diciembre 2017
    Dewey Decimal Classification       Biblioteca Medicina Biblioteca Medicina Circulación 18/12/2017 Donación delHospital ediciones, Hospital Italiano. Diciembre 2017   610.1 76 RUB 4102 18/12/2017 Ej. 2 18/12/2017 Libros Donación delHospital ediciones, Hospital Italiano. Diciembre 2017
    Dewey Decimal Classification       Biblioteca Medicina Biblioteca Medicina Circulación 18/12/2017 Donación delHospital ediciones, Hospital Italiano. Diciembre 2017   610.1 76 RUB 4103 18/12/2017 Ej. 3 18/12/2017 Libros Donación delHospital ediciones, Hospital Italiano. Diciembre 2017

UNIVERSIDAD NACIONAL DEL COMAHUE
Biblioteca de la Facultad de Ciencias Médicas
Sede Toschi: Los Arrayanes y Av. Toschi, Cipolletti  - Rio Negro
Sede Los Tordos:  Yrigoyen al 2211, Cipolletti - Rio Negro 

Teléfono: 0299 - 4774707 int 25
Contacto: biblioteca@facimed.uncoma.edu.ar
© 2011 - 2026